Fijación de precios en transacciones tecnológicas intrafirma (Registro nro. 33311)
[ vista simple ]
| 000 -LEADER | |
|---|---|
| fixed length control field | 00364 a2200109 4500 |
| 001 - CONTROL NUMBER | |
| control field | ART_41567 |
| 005 - DATE AND TIME OF LATEST TRANSACTION | |
| control field | 20260410162023.0 |
| 008 - FIXED-LENGTH DATA ELEMENTS--GENERAL INFORMATION | |
| fixed length control field | 260409a |
| 100 1# - MAIN ENTRY--PERSONAL NAME | |
| Personal name | Chudnovsky, Daniel |
| 245 10 - TITLE STATEMENT | |
| Title | Fijación de precios en transacciones tecnológicas intrafirma |
| 773 0# - HOST ITEM ENTRY | |
| Title | Revista del derecho industrial |
| Related parts | - Año I, Nº 1 (ene./abr. 1979) |
| Record control number | REV41547 |
No hay ítems disponibles.